Mere Jeevan Saathi (Record no. 20604)

MARC details
000 -LEADER
fixed length control field 01136ngm a2200337 4500
003 - CONTROL NUMBER IDENTIFIER
control field dpl
005 - DATE AND TIME OF LATEST TRANSACTION
control field 20181218161701.0
007 - PHYSICAL DESCRIPTION FIXED FIELD--GENERAL INFORMATION
fixed length control field DVD
008 - FIXED-LENGTH DATA ELEMENTS--GENERAL INFORMATION
fixed length control field ||||||sp199 xxu|||||c ||| 00| 0 ng d
010 ## - LIBRARY OF CONGRESS CONTROL NUMBER
LC control number DVD-001892-1894
024 ## - OTHER STANDARD IDENTIFIER
Standard number or code VHIF 1473R
Terms of availability 34.00
035 ## - SYSTEM CONTROL NUMBER
System control number DVD-001892-1894
040 ## - CATALOGING SOURCE
Original cataloging agency DPL
Transcribing agency DPL
082 ## - DEWEY DECIMAL CLASSIFICATION NUMBER
Classification number DVD / MERE
245 ## - TITLE STATEMENT
Title Mere Jeevan Saathi
Statement of responsibility, etc Republic Films Corporation Presents
Medium [videorecording] DVD/
260 ## - PUBLICATION, DISTRIBUTION, ETC. (IMPRINT)
Name of publisher, distributor, etc Moserbaer Entertainment
300 ## - PHYSICAL DESCRIPTION
Extent 2 videodisc VCD;
Other physical details sd., col. ;
Dimensions 4 3/4 in.
Type of unit VCD
440 ## - SERIES STATEMENT/ADDED ENTRY--TITLE
Title Moserbaer Home Entertainment
500 ## - GENERAL NOTE
General note Moserbaer India Ltd. has obtained the necessary licence/conssent from the owner of the copyright in the wroks for making this DVD Film.
538 ## - SYSTEM DETAILS NOTE
System details note Dolby Digital 5.1 - Hindi Subtitles: English
650 ## - SUBJECT ADDED ENTRY--TOPICAL TERM
Topical term or geographic name as entry element Motion Picture
700 ## - ADDED ENTRY--PERSONAL NAME
Personal name Nagaich, Ravee
700 ## - ADDED ENTRY--PERSONAL NAME
Personal name Shah, Vinod
700 ## - ADDED ENTRY--PERSONAL NAME
Personal name Shah, Harish
700 ## - ADDED ENTRY--PERSONAL NAME
Personal name Khanna, Rajesh
700 ## - ADDED ENTRY--PERSONAL NAME
Personal name Tanuja
700 ## - ADDED ENTRY--PERSONAL NAME
Personal name Bindu
700 ## - ADDED ENTRY--PERSONAL NAME
Personal name Sujit Kumar
942 ## - ADDED ENTRY ELEMENTS (KOHA)
Item type CD-ROMs, DVDs, VHS
Source of classification or shelving scheme Dewey Decimal Classification
Classification part VCD
Call number suffix MERE
Holdings
Withdrawn status Lost status Source of classification or shelving scheme Damaged status Not for loan Home library Current library Date acquired Source of acquisition Cost, normal purchase price Total Checkouts Total Renewals Full call number Barcode Date last seen Date last borrowed Copy number Cost, replacement price Price effective from Koha item type Public note
    Dewey Decimal Classification     Central Library Central Library 05/01/2009 Purchase 34.00 22 1 VCD MERE DVD-001892 24/07/2018 19/07/2018 1 34.00 05/01/2009 CD-ROMs, DVDs, VHS  
    Dewey Decimal Classification     Patel Nagar Patel Nagar 05/01/2009 Purchase 34.00 4   VCD MERE DVD-001894 26/10/2015 20/10/2015 1 34.00 05/01/2009 CD-ROMs, DVDs, VHS lost amount received Rs 34/- Receipt no 2259/20 dated
    Dewey Decimal Classification     Sarojini Nagar Sarojini Nagar 05/01/2009 Purchase 34.00 7   VCD MERE DVD-001893 11/12/2012 29/11/2012 1 34.00 05/01/2009 CD-ROMs, DVDs, VHS  

© Delhi Public Library
Hit Counter
free hit counter